Štruktúra a konkurencieschopnosť slovenských poľnohospodárskych podnikov po vstupe do Európskej únie

Štruktúra poľnohospodárskych podnikateľských subjektov, dosahované výsledky hospodárenia, ich konkurencieschopnosť po vstupe Slovenska do Európskej únie. Literárny prehľad. Materiály a metodika. Výsledky a diskusia.

Salvato in:
Dettagli Bibliografici
Autore principale: Šúbertová, Elena
Natura: Capitolo di libro
Lingua:slovacco
Soggetti:
Tags: Aggiungi Tag
Nessun Tag, puoi essere il primo ad aggiungerne!!

MARC

LEADER 00000naa$a2200000$$$4500
001 0050803
005 20240502083133.6
041 0 |a slo 
044 |a CZ 
245 1 0 |a Štruktúra a konkurencieschopnosť slovenských poľnohospodárskych podnikov po vstupe do Európskej únie  |c Elena Šúbertová 
520 |a Štruktúra poľnohospodárskych podnikateľských subjektov, dosahované výsledky hospodárenia, ich konkurencieschopnosť po vstupe Slovenska do Európskej únie. Literárny prehľad. Materiály a metodika. Výsledky a diskusia. 
610 2 0 |a podnik poľnohospodársky 
610 2 0 |a družstvá poľnohospodárske 
610 2 0 |a osoby právnické 
610 2 0 |a roľníci jednotlivo hospodáriaci 
610 2 0 |a výsledok hospodársky 
610 2 0 |a zisk 
610 2 0 |a náklady 
100 1 |a Šúbertová, Elena